| 000 | 01086cam a22003377a 4500 | ||
|---|---|---|---|
| 003 | CHAP | ||
| 005 | 20220329135545.0 | ||
| 008 | 971013s1980 r 00010 d | ||
| 010 | _a38465 | ||
| 011 | _a39437 | ||
| 035 | _a43558 | ||
| 040 | _cCHAP | ||
| 082 |
_a517.38 _bM5 |
||
| 100 | 0 | 0 |
_aMitchell, Andrew Ronald. _976212 |
| 245 | 1 | 4 | _aThe finite difference metho in partial differential equations |
| 260 |
_aNew York : _bWiley, _c1980 |
||
| 300 | _a272 p | ||
| 490 | 2 | _aA Wiley-Interscience publication | |
| 590 |
_aBATCH-UPD _b10 _c20130110 _lUCH01 _h0333 |
||
| 590 |
_aBATCH-UPD _b10 _c20130110 _lUCH01 _h1656 |
||
| 590 |
_aBATCH-UPD _b10 _c20130410 _lUCH01 _h0006 |
||
| 590 |
_aBATCH-UPD _b10 _c20130914 _lUCH01 _h1234 |
||
| 590 |
_aCONVERSION _b10 _c20130109 _lUCH01 _h1321 |
||
| 650 | 1 | 4 |
_aEcuaciones diferenciales. _935306 |
| 650 | 1 | 4 |
_aMétodos finitos elementales. _976632 |
| 700 | 0 |
_aGriffiths, D. F. _950692 |
|
| 830 | 2 |
_aA Wiley-Interscience publication _9105 |
|
| 901 | _aBK | ||
| 942 | _cLIBRO | ||
| 949 |
_a517.38 M5 _bBC _cLIBRO _d33724000135935 _eLIBRO _h50934 _i43558 _si |
||
| 999 |
_c38465 _d38465 |
||